Egipto (Registo nº 579)

Detalhes MARC
000 -Etiqueta do registo
Cabeçalho 00828cam a2200301 4500
005 - Identificador da versão
Campo de controlo 20240822125443.0
010 ## - Número internacional normalizado dos livros (ISBN)
Número (ISBN) 972221974X
021 ## - Número do Depósito Legal
Código do país PT
Número 145914/99
035 ## - Other System Control Numbers
System Control Number 0000602
System Control Number 0000598
System Control Number 0000598
System Control Number 0000588
100 ## - Dados gerais de processamento
Dados gerais de processamento 20011004d2000 m y0pory5003 ba
101 1# - Língua de publicação
Língua do texto, banda sonora, etc. Português
102 ## - Pais de publicação ou produção
País de publicação Portugal
105 ## - Campo de dados codificados: livros
Dados codificados dos livros a z 001yy
106 ## - Campo de dados codificados: material textual
Dados codificados do material textual r
200 1# - Titulo e menção de responsabilidade
Título próprio Egipto
Informação de outro título os lugares e a história
Primeira menção de responsabilidade Isabella Brega
Outras menções de responsabilidade trad. Isabel Simões dos Santos
210 ## - Publicação, Distribuição, etc. 
Lugar da edição, distribuição, etc. Lisboa
Nome do editor, distribuidor, etc. Verbo
Data da publicação, distribuição, etc. Imp. 2000
Lugar da impressão [2] p. desdobr.
215 ## - Descrição física 
Indicação específica da natureza do documento e extensão da espécie 135, [1] p.
Outras indicações físicas il.
Dimensões 31 cm
225 2# - Colecção 
Título próprio da colecção Os lugares e a história
607 ## - Nome geográfico usado como assunto
Número de registo de entrada de autoridade 0000693
Palavra de ordem Egipto
Subdivisão de assunto História
Código do sistema SIPOR
675 ## - Classificação Decimal Universal (CDU)
Notação 94(62)
Edição BN
Língua da edição por
700 #1 - Nome de autor-pessoa física (responsabilidade principal)
Número de registo de entrada de autoridade 0000695
Palavra de ordem Brega
Outra parte do nome não tomada para palavra de ordem Isabella
702 #1 - Nome de autor-pessoa física (responsabilidade secundária)
Número de registo de entrada de autoridade 0000696
Palavra de ordem Santos
Outra parte do nome não tomada para palavra de ordem Isabel Simões dos
Datas 1958-
Código de função Tradutor
942 ## - Elementos de entrada adicionados (Koha)
Tipo de item no Koha Livro
Exemplares
Situação do levantamento Origin of item (home branch) (coded) Biblioteca de empréstimo Código de barras Circulation type (not for loan) Tipo de documento Nota do exemplar Damaged status
  Biblioteca Escolar Eng. Nuno Mergulhão Biblioteca Escolar Eng. Nuno Mergulhão BENM422   Livro Sem mensagem